000 00515nam a2200205Ia 4500
003 OSt
005 20140311163113.0
008 140130s9999 xx 000 0 und d
020 _a0439327628
050 _aPZ 10.3
_b.D2865Bat 2001
100 _aDavies, Nicola
_931308
245 _aBat loves the night /
_cDavies, Nicola
260 _bScholastic,
_c2001.
_aNew York :
300 _a28 p. :
_bcol. ill. ;
_c26 cm.
440 _v1
_931174
521 _aG3
526 _c560
942 _cBK
_2lcc
999 _c40643
_d40643